ARIETE - Tutte le canzoni - Statistics

Statistiche generali
  • Questo quiz è stato fatto 31 volte
  • Il punteggio medio è 16 su 40
Statistiche sulle risposte
ALBUM Brano % Corretto
4. L
92%
1. 18 Anni
80%
2. Pillole
76%
6. SPECCHIO (Interludio)
76%
5. CASTELLI DI LENZUOLA
68%
L'ultima notte
68%
11. LA NOTTE
64%
1. Amianto
60%
10. SPIFFERI
60%
10. MARE DI GUAI
56%
3. Mille Guerre
56%
3. CICATRICI (feat. Madame)
48%
Quel Bar
48%
6. Venerdì
44%
4. Avrei voluto dirti
40%
6. Insicuri
36%
3. Solo te
36%
2. CARAMELLE
32%
OSSA ROTTE
32%
5. Riposa in pace (feat. Drast)
32%
01/12
28%
2. CLUB
28%
CLUB
28%
2. Freddo (feat. Lil Kvneki)
28%
11. IRIDE
28%
4. RUMORE
28%
3. UN'ALTRA ORA
28%
1. COSE IN COMUNE
24%
5. DORMIVEGLIA
24%
9. NOSTALGIA
24%
5. Nottataccia
24%
8. NULLA (feat. chiello)
24%
7. QUATTRO INVERNI
24%
4. Stare Male
24%
7. AVVISO
20%
1. GIORNATE NOIOSE
20%
6. le cose che ho fatto per piacerti
20%
TUTTO (con te)
20%
8. QUELLA DI PRIMA
16%
9. FRAGILI (feat. Franco126)
12%
Nessun quiz corrispondente trovato
Distribuzione punteggi
Percentuale di utenti per punteggio
Percentile per numero di risposta
I tuoi punteggi nel tempo
Non hai fatto questo quiz